[Event "4NCL Division 3 Central"]
[Site "Leamington Spa, ENG"]
[Date "2021.11.20"]
[Round "1.63"]
[White "Hibbitt, Arthur"]
[Black "Hughes, Anthony"]
[Result "0-1"]
[WhiteElo "1742"]
[BlackElo "1945"]
[PlyCount "70"]
[EventDate "2021.11.20"]
[WhiteTeam "Oxford 4"]
[BlackTeam "The Full Ponty"]

1. f4 d5 2. Nf3 Nf6 3. g3 e6 4. Bg2 Be7 5. O-O O-O 6. d3 b5 7. c3 Bb7 8. Na3 a6
9. Nc2 c5 10. Qe1 Nbd7 11. Ne5 Qc7 12. Nxd7 Qxd7 13. Kh1 d4 14. h3 e5 15. Bxb7
Qxb7+ 16. Kh2 Bd6 17. Qf2 Rae8 18. e4 dxe3 19. Bxe3 exf4 20. Bxf4 Bxf4 21. Qxf4
Re2+ 22. Rf2 Nh5 23. Qf5 g6 24. Qxc5 Qf3 25. Raf1 Rxc2 26. Rxc2 Qxf1 27. Qe3
Qf5 28. Re2 Ng7 29. d4 Re8 30. Qd2 Rxe2+ 31. Qxe2 Qe6 32. Qf3 Nf5 33. b3 Qe3
34. Qxe3 Nxe3 35. Kg1 f5 0-1

[Event "4NCL Division 3 Central"]
[Site "Leamington Spa, ENG"]
[Date "2021.11.20"]
[Round "1.64"]
[White "Perrett, David C"]
[Black "Hertog, Alexander"]
[Result "1-0"]
[WhiteElo "2020"]
[BlackElo "1577"]
[PlyCount "113"]
[EventDate "2021.11.20"]
[WhiteTeam "The Full Ponty"]
[BlackTeam "Oxford 4"]

1. d4 d5 2. Bg5 h6 3. Bf4 Nf6 4. e3 Bg4 5. f3 Bf5 6. c4 e6 7. Nc3 Bd6 8. Be5
Bxe5 9. dxe5 Nfd7 10. cxd5 Qh4+ 11. g3 Qb4 12. e4 Bg6 13. Qb3 Qxb3 14. axb3 a6
15. f4 O-O 16. dxe6 fxe6 17. Bc4 Kh8 18. Nf3 c6 19. b4 Re8 20. Nd4 Bf7 21. O-O
Bg8 22. Rfd1 Nb6 23. Be2 Bf7 24. Nb3 N8d7 25. Rd6 Re7 26. Rad1 Rc8 27. Bg4 Rc7
28. Nd4 Nf8 29. Rd8 Kg8 30. f5 exf5 31. exf5 Rxe5 32. Ne6 Bxe6 33. fxe6 Rc8 34.
e7 Rxe7 35. Bxc8 Nxc8 36. Rf1 Rf7 37. Rxc8 Rxf1+ 38. Kxf1 Kf7 39. Rc7+ Kf6 40.
Rxb7 Ne6 41. Rb6 Nd4 42. Ne2 Nxe2 43. Rxc6+ Ke5 44. Kxe2 h5 45. Rxa6 g5 46.
Ra5+ Kf6 47. Rc5 h4 48. b5 hxg3 49. hxg3 Kg6 50. b6 Kh5 51. b7 Kg4 52. b8=Q Kh3
53. Rxg5 Kg2 54. Qb7+ Kg1 55. Qb6+ Kg2 56. Qc6+ Kh3 57. Qh1# 1-0

[Event "4NCL Division 3 Central"]
[Site "Leamington Spa, ENG"]
[Date "2021.11.20"]
[Round "1.65"]
[White "Beckett, Richard"]
[Black "Davies, Peter"]
[Result "1-0"]
[WhiteElo "1601"]
[BlackElo "1990"]
[PlyCount "81"]
[EventDate "2021.11.20"]
[WhiteTeam "Oxford 4"]
[BlackTeam "The Full Ponty"]

1. e4 c6 2. d4 d5 3. exd5 cxd5 4. c4 Nf6 5. c5 g6 6. b4 Bg7 7. Bb2 O-O 8. Nf3
a5 9. b5 Nfd7 10. Qb3 Nf6 11. Nc3 h6 12. a4 Bf5 13. b6 Nc6 14. Nb5 Nb4 15. Rc1
h5 16. Be2 Bh6 17. O-O Be4 18. Rc3 Bxf3 19. Rxf3 Ne4 20. Rd1 Nd2 21. Rxd2 Bxd2
22. Nc7 Rc8 23. Rg3 Bf4 24. Bxh5 Rxc7 25. bxc7 Qxc7 26. Rh3 Qc6 27. Bf3 Rd8 28.
Bc3 b5 29. axb5 Qxb5 30. g3 Qd7 31. Kg2 Bc7 32. Bxb4 axb4 33. Qe3 Qf5 34. Qxe7
Ba5 35. Qa7 b3 36. Qxa5 Rb8 37. Qa7 Rc8 38. Qb7 Re8 39. Qxb3 Qf6 40. Qxd5 Rd8
41. Qe5 1-0

[Event "4NCL Division 3 Central"]
[Site "Leamington Spa, ENG"]
[Date "2021.11.20"]
[Round "1.66"]
[White "Dixon, Chris"]
[Black "Watkins, Seb"]
[Result "1-0"]
[WhiteElo "1825"]
[BlackElo "1570"]
[PlyCount "73"]
[EventDate "2021.11.20"]
[WhiteTeam "The Full Ponty"]
[BlackTeam "Oxford 4"]

1. e4 e6 2. d3 d5 3. Nd2 Nf6 4. Ngf3 c5 5. g3 Nc6 6. Bg2 Be7 7. O-O O-O 8. Re1
b6 9. e5 Nd7 10. h4 f6 11. exf6 Bxf6 12. Nf1 Nde5 13. N1h2 Bb7 14. Rb1 Rc8 15.
Bf4 Nxf3+ 16. Nxf3 Qe7 17. Bh3 Nd8 18. Qe2 d4 19. Ng5 Bd5 20. Bg2 Bxg2 21. Kxg2
Rc6 22. Qe4 Bxg5 23. hxg5 e5 24. Qd5+ Qf7 25. Rxe5 Re6 26. Rbe1 Rxe5 27. Rxe5
Qxd5+ 28. Rxd5 Nc6 29. a3 Re8 30. Rd6 Na5 31. Kf1 Re7 32. Rd8+ Kf7 33. Rc8 Kg6
34. Rd8 Kf5 35. f3 Nc6 36. Rd5+ Ke6 37. Rd6+ 1-0

[Event "4NCL Division 3 Central"]
[Site "Leamington Spa, ENG"]
[Date "2021.11.20"]
[Round "1.71"]
[White "Staples, Neil"]
[Black "Ross, Stuart"]
[Result "1-0"]
[WhiteElo "1811"]
[BlackElo "1646"]
[PlyCount "93"]
[EventDate "2021.11.20"]
[WhiteTeam "Oxford 3"]
[BlackTeam "Shropshire and Friends 2"]

1. g3 e5 2. c4 Bc5 3. Bg2 c6 4. Nc3 Nf6 5. e3 O-O 6. Nge2 d5 7. cxd5 cxd5 8. d4
exd4 9. exd4 Bb4 10. O-O Bg4 11. Qb3 Bxe2 12. Nxe2 Qa5 13. Nf4 Nc6 14. Be3 Ne4
15. Qxd5 Qxd5 16. Nxd5 Nd2 17. Nxb4 Nxf1 18. Nxc6 Nxe3 19. Ne7+ Kh8 20. fxe3
Rad8 21. Rc1 Rd7 22. Nd5 h6 23. Kf2 f5 24. Ke2 g5 25. Kd2 Kg7 26. Rc7 Rxc7 27.
Nxc7 Rf7 28. Ne6+ Kf6 29. Nc5 b6 30. Nd3 Rd7 31. Nb4 h5 32. Kd3 h4 33. gxh4
gxh4 34. Nd5+ Kg5 35. Nf4 Rd6 36. d5 b5 37. Kd4 Ra6 38. a3 Ra4+ 39. Ke5 b4 40.
axb4 Rxb4 41. d6 Rb3 42. Nd5 Rxb2 43. d7 Rb8 44. Nc7 a5 45. Bh3 a4 46. d8=Q+
Rxd8 47. Ne6+ 1-0

[Event "4NCL Division 3 Central"]
[Site "Leamington Spa, ENG"]
[Date "2021.11.20"]
[Round "1.72"]
[White "Davies, Matthew"]
[Black "Bush, Ian"]
[Result "0-1"]
[WhiteElo "1917"]
[BlackElo "1863"]
[PlyCount "58"]
[EventDate "2021.11.20"]
[WhiteTeam "West is Best 3"]
[BlackTeam "Oxford 3"]

1. d4 Nf6 2. c4 c5 3. d5 e6 4. Nc3 exd5 5. cxd5 d6 6. e4 g6 7. Nf3 Bg7 8. Be2
O-O 9. O-O Bg4 10. Nd2 Bxe2 11. Qxe2 a6 12. a4 Nbd7 13. Nc4 Nb6 14. Bg5 Nxc4
15. Qxc4 h6 16. Bf4 g5 17. Bg3 Nh5 18. Rfe1 Nxg3 19. hxg3 Qe7 20. a5 Rab8 21.
Qe2 Bd4 22. g4 Qf6 23. Na4 Rfe8 24. Rab1 Rxe4 25. Qc2 Rf4 26. Re2 Rxg4 27. Rc1
Qf3 28. g3 Qxg3+ 29. Kh1 Qg2# 0-1

[Event "4NCL Division 3 Central"]
[Site "Leamington Spa, ENG"]
[Date "2021.11.20"]
[Round "1.73"]
[White "Slegg, Gary"]
[Black "Smith, Steve"]
[Result "0-1"]
[WhiteElo "1600"]
[BlackElo "1823"]
[PlyCount "120"]
[EventDate "2021.11.20"]
[WhiteTeam "Shropshire and Friends 2"]
[BlackTeam "West is Best 3"]

1. e4 e5 2. Nc3 Nf6 3. f4 d5 4. fxe5 Nxe4 5. Nf3 Bf5 6. d4 c5 7. Bb5+ Nc6 8.
O-O Nxc3 9. bxc3 Be7 10. Bd2 O-O 11. Bd3 Bxd3 12. cxd3 cxd4 13. cxd4 Re8 14.
Qb3 Qd7 15. Qb2 $11 b6 16. Rae1 Rac8 17. Ng5 Bxg5 18. Bxg5 Re6 19. Re2 Rce8 20.
Ref2 Rf8 21. Rf3 Rg6 22. Rg3 Qe6 23. h4 h6 24. Bf4 Rxg3 25. Bxg3 Qg4 26. Bf2
Rc8 27. Rc1 Ne7 28. Qa3 Rxc1+ 29. Qxc1 Qc8 30. Qxc8+ $11 Nxc8 31. Be1 Ne7 32.
a3 Nc6 33. Bf2 h5 34. Kf1 Kh7 35. Ke2 Kg6 36. Ke3 Kf5 37. Kf3 Nd8 38. Be3 Ne6
39. g3 b5 40. Bf2 g6 41. Ke3 Kg4 42. Be1 Ng7 43. Kf2 Nf5 44. Kg2 Nxd4 45. Bf2
Nc2 46. Bxa7 Nxa3 47. Bc5 Nc2 48. Kf2 b4 49. Ke2 b3 50. Kd2 Kxg3 51. Kc3 Ne1
52. Kxb3 Nxd3 53. Bd6 Kxh4 54. Kc3 Nf4 55. Kd4 Kg4 56. Ke3 h4 57. Kf2 d4 58.
Kf1 h3 59. Kg1 d3 60. Bb4 Kf5 0-1

[Event "4NCL Division 3 Central"]
[Site "Leamington Spa, ENG"]
[Date "2021.11.20"]
[Round "1.74"]
[White "Holmes, Thalia"]
[Black "Waterfield, Mark"]
[Result "0-1"]
[WhiteElo "1563"]
[BlackElo "1809"]
[PlyCount "54"]
[EventDate "2021.11.20"]
[WhiteTeam "Shropshire and Friends 2"]
[BlackTeam "Oxford 3"]

1. f4 e5 2. fxe5 d6 3. exd6 Bxd6 4. Nf3 Nc6 5. d4 Bg4 6. e3 Qe7 7. Bb5 O-O-O 8.
Bxc6 bxc6 9. O-O c5 10. Qd3 Bd7 11. Nc3 c6 12. e4 cxd4 13. Nxd4 Kb8 14. Kh1 Nh6
15. Be3 Ng4 16. Bg1 h5 17. Qa6 Rh6 18. Ndb5 Bc5 19. Rxf7 Qe5 20. Rxd7 Rxd7 21.
Rf1 Rf6 22. Rxf6 Qxf6 23. h3 Bxg1 24. hxg4 Bf2 25. g3 Qf3+ 26. Kh2 Qxg3+ 27.
Kh1 Qg1# 0-1

[Event "4NCL Division 3 Central"]
[Site "Leamington Spa, ENG"]
[Date "2021.11.20"]
[Round "1.75"]
[White "Cole, Graham"]
[Black "Saunders, Aron"]
[Result "0-1"]
[WhiteElo "1818"]
[BlackElo "1715"]
[PlyCount "112"]
[EventDate "2021.11.20"]
[WhiteTeam "Oxford 3"]
[BlackTeam "West is Best 3"]

1. e4 c6 2. d4 d5 3. e5 Bf5 4. Nc3 e6 5. g4 Bg6 6. Nge2 c5 7. Be3 Nc6 8. dxc5
Nxe5 9. Nd4 Nc6 10. Bb5 Rc8 11. f4 Nf6 12. b4 Be7 13. O-O O-O 14. Bxc6 bxc6 15.
Qe2 Ne4 16. Nxe4 Bxe4 17. c3 Qd7 18. h3 Bf6 19. Rac1 e5 20. fxe5 Bxe5 21. Bf4
Qc7 22. Qh2 Bxd4+ 23. cxd4 Qb7 24. Qd2 f6 25. a3 Rfe8 26. Bd6 Re6 27. Rce1 Rce8
28. Qf2 Qa6 29. g5 Qxa3 30. Qe3 Qxe3+ 31. Rxe3 Bg6 32. Rxe6 Rxe6 33. gxf6 gxf6
34. Ra1 Re4 35. Rxa7 Rxd4 36. Ra8+ Kf7 37. Rc8 Rxb4 38. Rxc6 d4 39. Ra6 Rb1+
40. Kf2 Rb2+ 41. Ke1 d3 42. Bf4 Re2+ 43. Kf1 Bf5 44. Rd6 Bxh3+ 45. Kg1 Bf5 46.
c6 Rc2 47. c7 Kg6 48. Rd8 Kh5 49. Rd4 Kg4 50. Bh2+ Kg5 51. Bf4+ Kg6 52. Kf1 h5
53. Ke1 h4 54. Kf1 h3 55. Kg1 Kh5 56. Rd5 Kg4 0-1

[Event "4NCL Division 3 Central"]
[Site "Leamington Spa, ENG"]
[Date "2021.11.20"]
[Round "1.76"]
[White "Di-Vetta, Andrew"]
[Black "Holmes, Nick"]
[Result "1-0"]
[WhiteElo "1704"]
[BlackElo "1548"]
[PlyCount "129"]
[EventDate "2021.11.20"]
[WhiteTeam "West is Best 3"]
[BlackTeam "Shropshire and Friends 2"]

1. Nf3 d5 2. c4 d4 3. b4 Bg4 4. Qb3 Nf6 5. Bb2 Bxf3 6. Qxf3 c6 7. g3 e5 8. Qb3
Be7 9. Bg2 O-O 10. O-O Nbd7 11. d3 Rb8 12. Nd2 Qc7 13. Rae1 c5 14. b5 a6 15. a4
a5 16. Bc1 b6 17. Qd1 h5 18. Nf3 Nh7 19. e3 Ndf6 20. exd4 exd4 21. Ne5 Bd6 22.
f4 Rbe8 23. Bc6 Re7 24. Nf3 Nd7 25. Rxe7 Bxe7 26. Re1 Bd6 27. Re2 Nhf6 28. Qe1
Qd8 29. Ng5 Nb8 30. Bf3 g6 31. Ne4 Nxe4 32. Bxe4 Re8 33. Bd5 Rxe2 34. Qxe2 Qe7
35. Kf2 Qxe2+ 36. Kxe2 Nd7 37. Kf3 Nf6 38. Bc6 Ng4 39. h3 Nf6 40. g4 hxg4+ 41.
hxg4 Kg7 42. g5 Nh5 43. Bd7 f6 44. Ke4 f5+ 45. Kd5 Bxf4 46. Bxf4 Nxf4+ 47. Kc6
Nxd3 48. Kxb6 Nb2 49. Kxc5 d3 50. Bc6 Nxa4+ 51. Kd4 d2 52. Bf3 Nb6 53. c5 Nd7
54. c6 Nb6 55. c7 a4 56. Kc5 Nd7+ 57. Kb4 Nb6 58. Ka5 a3 59. Kxb6 a2 60. c8=Q
a1=Q 61. Qd7+ Kf8 62. Qxd2 Qg1+ 63. Kb7 Qc5 64. Qd8+ Kg7 65. Qc7+ 1-0

[Event "4NCL Division 3 Central"]
[Site "Leamington Spa, ENG"]
[Date "2021.11.20"]
[Round "1.77"]
[White "Murawski, Jan"]
[Black "Madden, Jason"]
[Result "0-1"]
[WhiteElo "1763"]
[BlackElo "1536"]
[PlyCount "60"]
[EventDate "2021.11.20"]
[WhiteTeam "Oxford 3"]
[BlackTeam "Shropshire and Friends 2"]

1. d4 Nf6 2. c4 e5 3. dxe5 Ng4 4. Nc3 Bc5 5. Ne4 Bb4+ 6. Bd2 Bxd2+ 7. Qxd2 Nxe5
8. Qc3 Qe7 9. c5 Nbc6 10. Nf3 Nxf3+ 11. gxf3 f5 12. Ng3 O-O 13. Rg1 Qe5 14.
Qxe5 Nxe5 15. f4 Ng6 16. e3 b6 17. Bc4+ Kh8 18. cxb6 axb6 19. Rd1 Nh4 20. Ke2
d6 21. Bd5 Ra5 22. Rd2 Ba6+ 23. Kd1 c6 24. Be6 Nf3 25. Rg2 Nxd2 26. Kxd2 g6 27.
b4 Ra3 28. Bb3 d5 29. Kc3 Bc4 30. Ne2 Bxe2 0-1

[Event "4NCL Division 3 Central"]
[Site "Leamington Spa, ENG"]
[Date "2021.11.20"]
[Round "1.78"]
[White "Hill, Charlie"]
[Black "Evans, Christopher J"]
[Result "1-0"]
[WhiteElo "1653"]
[BlackElo "1745"]
[PlyCount "92"]
[EventDate "2021.11.20"]
[WhiteTeam "West is Best 3"]
[BlackTeam "Oxford 3"]

1. e4 c5 2. Nf3 d6 3. d4 cxd4 4. Nxd4 Nf6 5. Nc3 a6 6. Bg5 e6 7. f4 Be7 8. Qf3
Qc7 9. O-O-O Nbd7 10. g4 b5 11. Bxf6 Nxf6 12. g5 Nd7 13. f5 Nc5 14. f6 gxf6 15.
gxf6 Bf8 16. Kb1 Bb7 17. b4 Nd7 18. Be2 Rc8 19. Kb2 d5 20. exd5 Bxb4 21. Nc6
Bxc6 22. dxc6 Ne5 23. Qe4 Bxc3+ 24. Kxc3 Qa5+ 25. Kb3 Nxc6 26. Bh5 Ne5 27. Qd4
O-O 28. Rc1 b4 29. Kb2 Ng6 30. Qg4 Qe5+ 31. Kb1 Qxf6 32. Rcf1 Qc3 33. Bxg6 hxg6
34. Qe4 Qc4 35. Qg2 Rc5 36. h4 Rh5 37. Qg3 Rc8 38. Rf2 a5 39. Qf3 Rc7 40. Rd2
Rxh4 41. Rg1 Qc3 42. Rd8+ Kg7 43. Qf2 Rhc4 44. Rc1 a4 45. Qh2 Kf6 46. Rf1+ Ke7
1-0

[Event "4NCL Division 3 Central"]
[Site "Leamington Spa, ENG"]
[Date "2021.11.20"]
[Round "1.79"]
[White "Morris, Nigel W"]
[Black "Binesmael, Mohamed"]
[Result "0-1"]
[WhiteElo "1401"]
[BlackElo "1642"]
[PlyCount "74"]
[EventDate "2021.11.20"]
[WhiteTeam "Shropshire and Friends 2"]
[BlackTeam "West is Best 3"]

1. Nf3 c5 2. c4 Nf6 3. d4 cxd4 4. Nxd4 Nc6 5. Nc3 e5 6. Nc2 Be7 7. e4 O-O 8.
Be2 Qa5 9. O-O Nb4 10. Ne1 a6 11. Be3 b5 12. a3 Nc6 13. cxb5 axb5 14. Bxb5 Nxe4
15. Nxe4 Qxb5 16. b4 Ba6 17. Nf3 Qxf1+ 18. Qxf1 Bxf1 19. Kxf1 Nxb4 20. Nxe5 Nc2
21. Ra2 Nxe3+ 22. fxe3 Rxa3 23. Rxa3 Bxa3 24. Nxd7 Rd8 25. Nb6 Re8 26. Nf2 Rxe3
27. Nc4 Rc3 28. Nxa3 Rxa3 29. Ke2 f5 30. Nd3 Kf7 31. h3 g5 32. Nf2 Ke6 33. Nd1
f4 34. Nf2 h5 35. Nd3 Kf5 36. Ne1 Ra2+ 37. Kf3 g4+ 0-1

[Event "4NCL Division 3 Central"]
[Site "Leamington Spa, ENG"]
[Date "2022.04.30"]
[Round "7.11"]
[White "Mossong, Hubert"]
[Black "Freeland, Alex"]
[Result "0-1"]
[WhiteElo "2040"]
[BlackElo "1994"]
[PlyCount "78"]
[EventDate "2022.04.30"]
[WhiteTeam "Ashfield 1"]
[BlackTeam "West is Best 2"]

1. e4 e6 2. d3 d5 3. Nd2 c5 4. Ngf3 Nc6 5. g3 Nf6 6. Bg2 Be7 7. O-O O-O 8. e5
Nd7 9. Re1 Qc7 10. Qe2 Rb8 11. Nf1 b5 12. h4 f6 13. exf6 Nxf6 14. Bf4 Bd6 15.
Be5 Ng4 16. Bxd6 Qxd6 17. c4 bxc4 18. dxc4 d4 19. Ng5 h5 20. Qe4 Rxf2 21. Qh7+
Kf8 22. Qh8+ Ke7 23. Qxg7+ Ke8 24. Ne4 Rxg2+ 25. Kxg2 Rxb2+ 26. Kg1 Qe5 27.
Qg6+ Ke7 28. Qh7+ Kd8 29. Qg8+ Kc7 30. Qf8 d3 31. Qxc5 Qxc5+ 32. Nxc5 Nce5 33.
Red1 Nf3+ 34. Kh1 Nf2+ 35. Kg2 Nxd1+ 36. Kxf3 Rf2+ 37. Ke4 Rxf1 38. Kd4 d2 39.
Nb3 Ne3 0-1

[Event "4NCL Division 3 Central"]
[Site "Leamington Spa, ENG"]
[Date "2022.04.30"]
[Round "7.12"]
[White "Davies, Matthew"]
[Black "Mercs, Peter J"]
[Result "0-1"]
[WhiteElo "1897"]
[BlackElo "1989"]
[PlyCount "80"]
[EventDate "2022.04.30"]
[WhiteTeam "West is Best 2"]
[BlackTeam "Ashfield 1"]

1. d4 Nf6 2. c4 e6 3. Nc3 Bb4 4. e3 O-O 5. Nge2 c5 6. a3 cxd4 7. exd4 Be7 8.
Nf4 d6 9. Be2 Nbd7 10. O-O b6 11. Be3 Bb7 12. b4 Ne4 13. Rc1 Nxc3 14. Rxc3 Nf6
15. Nd3 Ne4 16. Rc1 Rc8 17. f3 Nf6 18. Qd2 h6 19. Rfd1 Nh5 20. Nf4 Nxf4 21.
Bxf4 Qe8 22. Bd3 f5 23. Re1 Rf6 24. Qc2 Qh5 25. Rf1 Qh4 26. Be3 Rg6 27. Rce1
Bf6 28. Qf2 Qh5 29. Rd1 Bh4 30. Qe2 e5 31. d5 Rf6 32. f4 Qxe2 33. Bxe2 Re8 34.
Bd3 e4 35. Bb1 Ba6 36. Ba2 Rff8 37. Bd4 e3 38. Rc1 e2 39. Rfe1 Bxe1 40. Rxe1
Re4 0-1

[Event "4NCL Division 3 Central"]
[Site "Leamington Spa, ENG"]
[Date "2022.04.30"]
[Round "7.13"]
[White "Truman, Richard G"]
[Black "Jukes, Sam"]
[Result "1-0"]
[WhiteElo "1931"]
[BlackElo "1850"]
[PlyCount "41"]
[EventDate "2022.04.30"]
[WhiteTeam "Ashfield 1"]
[BlackTeam "West is Best 2"]

{[%evp 0,5,14,22,47,48,81,62]} 1. d4 Nf6 2. c4 c5 3. d5 b5 4. Nf3 b4 5. a3 e6
6. axb4 cxb4 7. Be3 Qc7 8. Nbd2 Be7 9. Nd4 Ba6 10. g3 Ng4 11. Bg2 Nxe3 12. fxe3
Bb7 13. O-O Qe5 14. Qb3 Na6 15. N2f3 Qh5 16. e4 O-O 17. e5 Rfb8 18. d6 Bg5 19.
Nxg5 Nc5 20. Qe3 Bxg2 21. Kxg2 1-0

[Event "4NCL Division 3 Central"]
[Site "Leamington Spa, ENG"]
[Date "2022.04.30"]
[Round "7.14"]
[White "Turner, Lewis A"]
[Black "Combie, Alex B"]
[Result "1-0"]
[WhiteElo "1869"]
[BlackElo "1834"]
[PlyCount "61"]
[EventDate "2022.04.30"]
[WhiteTeam "West is Best 2"]
[BlackTeam "Ashfield 1"]

1. e4 c5 2. Nf3 d6 3. d4 cxd4 4. Nxd4 Nf6 5. Nc3 a6 6. f3 e5 7. Nb3 Be6 8. Bg5
Be7 9. Qd2 O-O 10. O-O-O Nbd7 11. Kb1 b5 12. h4 b4 13. Nd5 Bxd5 14. exd5 a5 15.
Bd3 Nb6 16. Bxf6 Bxf6 17. Be4 Qc7 18. Qd3 g6 19. h5 Bg5 20. hxg6 hxg6 21. f4
Bf6 22. Rdf1 exf4 23. Rxf4 Kg7 24. Nd4 Qc4 25. Nf5+ Kg8 26. Ne7+ Kg7 27. Nf5+
Kg8 28. Qh3 Rfe8 29. Qh7+ Kf8 30. Nxd6 Qc7 31. Rxf6 1-0

[Event "4NCL Division 3 Central"]
[Site "Leamington Spa, ENG"]
[Date "2022.04.30"]
[Round "7.15"]
[White "Flynn, David"]
[Black "Smith, Steve"]
[Result "1-0"]
[WhiteElo "1854"]
[BlackElo "1808"]
[PlyCount "81"]
[EventDate "2022.04.30"]
[WhiteTeam "Ashfield 1"]
[BlackTeam "West is Best 2"]

1. e4 e5 2. Nf3 Nc6 3. d4 exd4 4. Nxd4 Bc5 5. Nb3 Bb6 6. Nc3 d6 7. Qe2 Nge7 8.
Be3 O-O 9. O-O-O Bxe3+ 10. Qxe3 a5 11. a3 a4 12. Nd4 Bd7 13. f4 Ra5 14. Nf3 Re8
15. Qd2 Bg4 16. Be2 Qa8 17. h3 Bxf3 18. Bxf3 b5 19. Ne2 Qa6 20. Nd4 Nxd4 21.
Qxd4 Ng6 22. g3 Qa7 23. Qxa7 Rxa7 24. Rhe1 Raa8 25. e5 Rad8 26. Bc6 Rf8 27.
exd6 cxd6 28. Bxb5 h5 29. Rd4 Rb8 30. Bxa4 Rfd8 31. Bc6 Kf8 32. g4 hxg4 33.
hxg4 Rbc8 34. Bd5 Ne7 35. Bf3 Ng8 36. Kd2 g6 37. a4 Rc5 38. b4 Rc7 39. c4 Rb8
40. Kc3 Nf6 41. Rxd6 1-0

[Event "4NCL Division 3 Central"]
[Site "Leamington Spa, ENG"]
[Date "2022.04.30"]
[Round "7.16"]
[White "Di-Vetta, Andrew"]
[Black "Levens, David G"]
[Result "1/2-1/2"]
[WhiteElo "1726"]
[BlackElo "1884"]
[PlyCount "96"]
[EventDate "2022.04.30"]
[WhiteTeam "West is Best 2"]
[BlackTeam "Ashfield 1"]

1. d4 c5 2. Nf3 cxd4 3. Nxd4 Nf6 4. Nc3 e5 5. Nb3 d5 6. Bg5 d4 7. Ne4 Nxe4 8.
Bxd8 Bb4+ 9. c3 dxc3 10. a3 c2+ 11. axb4 cxd1=Q+ 12. Rxd1 Nc6 13. Bc7 Be6 14.
Nc5 Nxc5 15. bxc5 O-O 16. e3 Rfc8 17. Bd6 f6 18. Be2 f5 19. O-O Kf7 20. Rb1 Ba2
21. Ra1 Bd5 22. Ra3 Ke6 23. f4 e4 24. g4 g6 25. Rfa1 a6 26. Kf2 Nb4 27. gxf5+
gxf5 28. Rg1 b6 29. Rg7 bxc5 30. Be5 Nc6 31. Bc3 Nb4 32. Rxh7 a5 33. Rh6+ Kf7
34. Rf6+ Ke7 35. Rxf5 Be6 36. Rh5 a4 37. Rh7+ Kd6 38. Bb5 Bb3 39. Be5+ Ke6 40.
Bd7+ Kd5 41. Bxc8 Nd3+ 42. Kf1 Rxc8 43. Rd7+ Kc4 44. Bc3 Rg8 45. f5 Bd1 46. f6
Rg5 47. Ra1 Rf5+ 48. Kg2 Bf3+ 1/2-1/2

[Event "4NCL Division 3 Central"]
[Site "Leamington Spa, ENG"]
[Date "2022.04.30"]
[Round "7.21"]
[White "Dicen, Elis Denele"]
[Black "Richmond, Peter"]
[Result "1-0"]
[WhiteElo "1965"]
[BlackElo "2031"]
[PlyCount "115"]
[EventDate "2022.04.30"]
[WhiteTeam "Warwickshire Select 2"]
[BlackTeam "The Full Ponty"]

1. d4 d5 2. c4 e5 3. dxe5 d4 4. Nf3 Nc6 5. a3 Bg4 6. Nbd2 a5 7. h3 Bxf3 8. Nxf3
Bc5 9. b3 Nge7 10. Bb2 Ng6 11. g3 Ngxe5 12. Nxe5 Nxe5 13. Bg2 Qd6 14. O-O Rd8
15. Qd2 Qb6 16. Qg5 Ng6 17. Rad1 O-O 18. h4 f6 19. Qf5 Rfe8 20. Qc2 Ne5 21. Be4
g6 22. Rd2 f5 23. Bd5+ Kf8 24. Rd3 Nxd3 25. exd3 Re5 26. Bf3 Rde8 27. Bc1 c6
28. Kg2 Qd8 29. Qd2 Qe7 30. Qxa5 Kg8 31. Bf4 Re6 32. b4 Bd6 33. Bg5 Qc7 34. Qa4
Re1 35. c5 Bf8 36. Qc2 Rxf1 37. Kxf1 Bg7 38. Kg2 h6 39. Bd2 Qe5 40. a4 Kh7 41.
b5 Bf8 42. bxc6 bxc6 43. Qb3 Kg7 44. Qb7+ Re7 45. Qxc6 Rc7 46. Qb5 Qxc5 47. Qe8
Qe7 48. Qb8 Rc2 49. Qf4 Kh7 50. Bd1 Ra2 51. h5 Qd6 52. hxg6+ Kxg6 53. Bh5+ Kf6
54. Qh4+ Ke6 55. Bf4 Qc6+ 56. Bf3 Qc2 57. g4 Qxd3 58. Qd8 1-0

[Event "4NCL Division 3 Central"]
[Site "Leamington Spa, ENG"]
[Date "2022.04.30"]
[Round "7.22"]
[White "Fletcher, John"]
[Black "Dicen, Imogen"]
[Result "1-0"]
[WhiteElo "2095"]
[BlackElo "1877"]
[PlyCount "107"]
[EventDate "2022.04.30"]
[WhiteTeam "The Full Ponty"]
[BlackTeam "Warwickshire Select 2"]

1. d4 f5 2. e4 fxe4 3. Nc3 Nf6 4. Bg5 c6 5. d5 Qb6 6. Rb1 g6 7. d6 Bg7 8. dxe7
d5 9. f3 e3 10. Qd3 Bf5 11. Qxe3 Qxe3+ 12. Bxe3 Bxc2 13. Rc1 Bf5 14. g4 Be6 15.
Nh3 Kxe7 16. Nf4 Bc8 17. h4 Nfd7 18. Nfxd5+ Kd6 19. Nf4 Re8 20. Kf2 Ne5 21. Bd2
b6 22. Ne4+ Ke7 23. Bb4+ c5 24. Nd5+ Kf7 25. Nd6+ Kf8 26. Nxe8 Kxe8 27. Nc7+
Kd7 28. Nxa8 Bb7 29. Bb5+ Kc8 30. Rhe1 a6 31. Nxb6+ Kc7 32. Bxc5 axb5 33. Bd4+
Kd6 34. Bxe5+ Bxe5 35. Rcd1+ Kc5 36. Rxe5+ Kxb6 37. Re7 Nc6 38. Rd6 b4 39. Rxh7
Ba6 40. Rg7 Kc5 41. Rxc6+ Kxc6 42. Rxg6+ Kb5 43. Rxa6 Kxa6 44. h5 Kb5 45. h6
Kc4 46. Ke3 b3 47. a3 Kb5 48. h7 Ka4 49. Kd4 Kb5 50. Kd5 Kb6 51. h8=Q Kb7 52.
Qh7+ Ka6 53. Kc6 Ka5 54. Qa7# 1-0

[Event "4NCL Division 3 Central"]
[Site "Leamington Spa, ENG"]
[Date "2022.04.30"]
[Round "7.23"]
[White "Sandhu, Manvith"]
[Black "Adams, Mark"]
[Result "1-0"]
[WhiteElo "1903"]
[BlackElo "2002"]
[PlyCount "113"]
[EventDate "2022.04.30"]
[WhiteTeam "Warwickshire Select 2"]
[BlackTeam "The Full Ponty"]

1. e4 c5 2. Nf3 a6 3. d4 cxd4 4. Nxd4 Nf6 5. Bd3 e5 6. Nf5 d5 7. Ng3 dxe4 8.
Nxe4 Nxe4 9. Bxe4 Qxd1+ 10. Kxd1 Bc5 11. Ke2 Nd7 12. Be3 Bxe3 13. Kxe3 Nc5 14.
Nc3 f5 15. Nd5 O-O 16. Nb6 f4+ 17. Kf3 Nxe4 18. Nxa8 Bf5 19. Nb6 Nf6 20. Ke2
Bxc2 21. Rac1 Be4 22. f3 Bc6 23. Rhd1 e4 24. fxe4 Bxe4 25. Rd4 Bxg2 26. Rxf4
Bc6 27. Nc4 Re8+ 28. Kf1 Bb5 29. b3 Nd5 30. Rf2 Ne3+ 31. Kg1 Nxc4 32. bxc4 Bc6
33. Kf1 Re4 34. Re2 Rd4 35. Ke1 h6 36. Rd2 Re4+ 37. Re2 Rd4 38. Rd2 Re4+ 39.
Re2 Rd4 40. Kf2 Rf4+ 41. Ke3 g5 42. Rf2 Rh4 43. Kd3 Kg7 44. Re1 Kg6 45. Re6+
Kh5 46. Rff6 Kg4 47. Rxh6 Kh3 48. Rxh4+ gxh4 49. Rh6 Kg4 50. Kd4 h3 51. Kc5 Bg2
52. Kb6 Kf4 53. c5 Kg4 54. a4 Bf3 55. a5 Be4 56. Rh8 Bd5 57. Rh7 1-0

[Event "4NCL Division 3 Central"]
[Site "Leamington Spa, ENG"]
[Date "2022.04.30"]
[Round "7.24"]
[White "Perrett, David C"]
[Black "Ingram, Keith R"]
[Result "1-0"]
[WhiteElo "2030"]
[BlackElo "1870"]
[PlyCount "89"]
[EventDate "2022.04.30"]
[WhiteTeam "The Full Ponty"]
[BlackTeam "Warwickshire Select 2"]

1. d4 Nf6 2. Bg5 e6 3. e4 Be7 4. Nd2 b6 5. Bd3 Bb7 6. Qe2 a5 7. f4 Na6 8. a3 h6
9. Bxf6 Bxf6 10. Ngf3 c5 11. c3 O-O 12. O-O d5 13. e5 Be7 14. Rae1 Nc7 15. g4
Ba6 16. Bxa6 Rxa6 17. Qg2 b5 18. g5 h5 19. g6 fxg6 20. Qxg6 Qe8 21. Qg3 Rf5 22.
Kh1 Qf7 23. dxc5 h4 24. Nxh4 Bxh4 25. Qxh4 Ra8 26. Nb3 b4 27. Nd4 Rh5 28. Qg4
bxa3 29. bxa3 g6 30. Rg1 Kh7 31. Nf3 Qf5 32. Ng5+ Rxg5 33. Qxg5 Qxg5 34. fxg5
Na6 35. Rg4 Nxc5 36. c4 Nd3 37. Re2 Rf8 38. cxd5 exd5 39. Rd4 Nf2+ 40. Kg2 Ne4
41. Rxd5 Nc3 42. Rd7+ Kg8 43. Re1 Rf5 44. e6 Rxg5+ 45. Kh1 1-0

[Event "4NCL Division 3 Central"]
[Site "Leamington Spa, ENG"]
[Date "2022.04.30"]
[Round "7.25"]
[White "Chen, Daniel Xingyu"]
[Black "Davies, Peter"]
[Result "0-1"]
[WhiteElo "1831"]
[BlackElo "2000"]
[PlyCount "70"]
[EventDate "2022.04.30"]
[WhiteTeam "Warwickshire Select 2"]
[BlackTeam "The Full Ponty"]

1. e4 c5 2. Nc3 g6 3. g3 Bg7 4. Bg2 Nc6 5. d3 d6 6. Be3 Nd4 7. Nf3 e6 8. O-O
Ne7 9. Bxd4 cxd4 10. Ne2 Qb6 11. Rb1 O-O 12. c3 e5 13. cxd4 exd4 14. Qa4 Nc6
15. h3 Bd7 16. Qd1 Be6 17. b3 Rac8 18. Qd2 a5 19. Rfc1 Qb4 20. Qb2 Ne5 21. Nxe5
dxe5 22. f4 f5 23. Kh2 Rfd8 24. Bf3 Qd6 25. Bg2 b5 26. a3 b4 27. a4 Rc3 28.
Nxc3 dxc3 29. Qf2 Qxd3 30. Qb6 Bf7 31. Qxa5 exf4 32. Rd1 fxg3+ 33. Kg1 Qxd1+
34. Rxd1 Rxd1+ 35. Bf1 c2 0-1